000
00284nam a2200133Ia 4500
100
_a
Distefano/J.J
942
_c
BK
654
_a
feedback
245
_a
Feedback and control system
260
_b
Schams
_a
New York
_c
1987
082
_a
629.8
_b
DIS
300
_a
371
546
_a
ENGLISH
999
_c
27120
_d
27120